Normal view
MARC view
- Discovery
Entry Topical Term
001 - CONTROL NUMBER
- control field: 108127
003 - CONTROL NUMBER IDENTIFIER
- control field: NUST
005 - DATE AND TIME OF LATEST TRANSACTION
- control field: 20230130185133.0
008 - FIXED-LENGTH DATA ELEMENTS
- fixed length control field: 230130|| aca||aabn | a|a d
040 ## - CATALOGING SOURCE
- Original cataloging agency: NUST
- Transcribing agency: NUST
150 ## - HEADING--TOPICAL TERM
- Topical term or geographic name entry element: Discovery
670 ## - SOURCE DATA FOUND
- Source citation: Work cat.: (NUST)187017: Hay, Nimmo W .P 108126, The Life and Travels of Mungo Park /
